[Event "GRE-chT 43rd"]
[Site "Porto Rio"]
[Date "2015.10.11"]
[Round "6.9"]
[White "Vasiliadis, Anastasios"]
[Black "Papakonstantinou, Dimitrios"]
[Result "0-1"]
[WhiteElo "1984"]
[BlackElo "2061"]
[PlyCount "82"]
[EventDate "2015.10.08"]
[EventType "team-swiss"]
[EventRounds "7"]
[EventCountry "GRE"]
[SourceTitle "CBM 168 Extra"]
[Source "ChessBase"]
[SourceDate "2015.10.29"]
[SourceVersion "1"]
[SourceVersionDate "2015.10.29"]
[SourceQuality "1"]
[WhiteTeam "Florinas OP"]
[BlackTeam "Orekastro Marion"]
[WhiteTeamCountry "GRE"]
[BlackTeamCountry "GRE"]

1. d4 Nf6 2. Nf3 g6 3. g3 Bg7 4. Bg2 0-0 5. 0-0 d6 6. c4 Nbd7 7. Nc3 e5 8. dxe5 dxe5 9. Qc2 c6 10. Rd1 Qe7 11. e4 a5 12. b3 Re8 13. Bb2 Nf8 14. Nxe5 Qxe5 15. Nd5 Qxb2 16. Qxb2 Nxd5 17. Qc2 Nb4 18. Qe2 Bxa1 19. Rxa1 a4 20. bxa4 c5 21. a3 Nc6 22. Qb2 Ne6 23. h4 Ned4 24. h5 Rxa4 25. hxg6 hxg6 26. Bf1 Rxe4 27. Qb6 Ra6 28. Qc7 Ra8 29. Bg2 Re7 30. Qd6 Bf5 31. Bxc6 Nxc6 32. Qxc5 Rd8 33. a4 Re2 34. Qb6 Rdd2 35. Qxb7 Be4 36. Qc8+ Kg7 37. Rf1 Rd8 38. Qc7 Rh8 39. f3 Rhh2 40. Rf2 Rexf2 41. fxe4 Rfg2+ 0-1

[Event "Isthmia op 3rd"]
[Site "Vrachati"]
[Date "2013.08.18"]
[Round "1"]
[White "Vasiliadis, Anastasios"]
[Black "Cherednichenko, Svetlana"]
[Result "0-1"]
[WhiteElo "1954"]
[BlackElo "2283"]
[PlyCount "116"]
[EventDate "2013.08.18"]
[EventType "swiss"]
[EventRounds "9"]
[EventCountry "GRE"]
[SourceTitle "CBM 156 Extra"]
[Source "ChessBase"]
[SourceDate "2013.10.22"]
[SourceVersion "1"]
[SourceVersionDate "2013.10.22"]
[SourceQuality "1"]

1. d4 d6 2. Nf3 f5 3. g3 Nf6 4. Bg2 e6 5. 0-0 Be7 6. c4 0-0 7. b3 Nc6 8. Bb2 a5 9. a3 Qe8 10. Nc3 e5 11. dxe5 dxe5 12. Nd5 Bd8 13. Qc1 e4 14. Nd4 Ne5 15. Qd2 c6 16. Nxf6+ Bxf6 17. Rac1 Qh5 18. Ba1 Bg5 19. e3 c5 20. Ne6 Ng4 21. h3 Bxe6 22. hxg4 Qxg4 23. Qd6 Rae8 24. Qxc5 h5 25. Qxa5 h4 26. gxh4 Bh6 27. Be5 Qxh4 28. f4 Bf7 29. Qe1 Qg4 30. Qd1 Qh4 31. Qe1 Qg4 32. Qd1 Qg6 33. Qe1 Qb6 34. Rc3 Bh5 35. Qh4 Qg6 36. Kh2 Rd8 37. Bd4 Bg4 38. Bh3 Qh5 39. Qxh5 Bxh5 40. c5 Bf3 41. Bg2 Bxf4+ 42. exf4 Bxg2 43. Kxg2 Rxd4 44. b4 Rf6 45. Rg3 Re6 46. Rf2 Kf7 47. Rc2 e3 48. Re2 Rd3 49. a4 Re4 50. b5 Rc3 51. Rf3 Kf6 52. Kg3 g5 53. c6 bxc6 54. b6 Rxa4 55. Rb2 gxf4+ 56. Kg2 Rac4 57. Rxf4 Rxf4 58. b7 Rg4+ 0-1

[Event "GRE-ch U18"]
[Site "Nikaia"]
[Date "2012.01.08"]
[Round "8"]
[White "Koutoukidis, Panagiotis"]
[Black "Vasiliadis, Anastasios"]
[Result "1/2-1/2"]
[WhiteElo "2172"]
[BlackElo "1920"]
[PlyCount "64"]
[EventDate "2012.01.03"]
[EventType "swiss"]
[EventRounds "9"]
[EventCountry "GRE"]
[SourceTitle "CBM 146 Extra"]
[Source "ChessBase"]
[SourceDate "2012.02.29"]
[SourceVersion "1"]
[SourceVersionDate "2012.02.29"]
[SourceQuality "1"]

1. e4 c5 2. Nf3 Nc6 3. d4 cxd4 4. Nxd4 g6 5. c4 Bg7 6. Be3 Nf6 7. Nc3 Ng4 8. Qxg4 Nxd4 9. Qd1 Ne6 10. Qd2 Qa5 11. Rc1 0-0 12. Bd3 Nc5 13. Bb1 Na4 14. Nxa4 Qxa4 15. 0-0 d6 16. b3 Qd7 17. Rfd1 b6 18. a4 Bb7 19. a5 bxa5 20. Qxa5 Qe6 21. Re1 Rfc8 22. f3 Qe5 23. Qd2 Qb2 24. Qd3 Qe5 25. f4 Qa5 26. Re2 Qh5 27. Rf2 Bc6 28. Bc2 Qa5 29. Bb1 Qb4 30. Bd2 Qb6 31. Be3 Qb4 32. Bd2 Qb6 1/2-1/2

[Event "GRE-ch U18"]
[Site "Nikaia"]
[Date "2012.01.04"]
[Round "3"]
[White "Vasiliadis, Anastasios"]
[Black "Papakonstantinou, Dimitrios"]
[Result "1/2-1/2"]
[WhiteElo "1920"]
[BlackElo "2060"]
[PlyCount "59"]
[EventDate "2012.01.03"]
[EventType "swiss"]
[EventRounds "9"]
[EventCountry "GRE"]
[SourceTitle "CBM 146 Extra"]
[Source "ChessBase"]
[SourceDate "2012.02.29"]
[SourceVersion "1"]
[SourceVersionDate "2012.02.29"]
[SourceQuality "1"]

1. d4 Nf6 2. Nf3 g6 3. g3 Bg7 4. Bg2 0-0 5. 0-0 d6 6. c4 Nbd7 7. Nc3 e5 8. dxe5 dxe5 9. Qc2 c6 10. Rd1 Qe7 11. e4 a5 12. b3 Re8 13. Bb2 Nc5 14. Ba3 b6 15. Na4 Qa7 16. Nxc5 bxc5 17. Rd6 Nd7 18. Rad1 Bf8 19. R6d2 f6 20. Bh3 Nb6 21. Bxc8 Raxc8 22. Kg2 Be7 23. Bb2 Rcd8 24. Rxd8 Rxd8 25. Rxd8+ Bxd8 26. Qd3 Be7 27. Bc3 a4 28. Bd2 axb3 29. axb3 Nd7 30. Be3 1/2-1/2

[Event "GRE-chT 39th"]
[Site "Eretria"]
[Date "2011.07.08"]
[Round "7.4"]
[White "Ballas, Kleon Evangelos"]
[Black "Vasiliadis, Anastasios"]
[Result "1/2-1/2"]
[WhiteElo "1937"]
[BlackElo "1891"]
[PlyCount "63"]
[EventDate "2011.07.03"]
[EventType "team-swiss"]
[EventRounds "7"]
[EventCountry "GRE"]
[SourceTitle "CBM 143 Extra"]
[Source "ChessBase"]
[SourceDate "2011.08.29"]
[SourceVersion "1"]
[SourceVersionDate "2011.08.29"]
[SourceQuality "1"]
[WhiteTeam "Thessaloniki ES"]
[BlackTeam "Florinas"]
[WhiteTeamCountry "GRE"]
[BlackTeamCountry "GRE"]

1. d4 Nf6 2. c4 e6 3. Nf3 Bb4+ 4. Nbd2 0-0 5. a3 Bxd2+ 6. Qxd2 d6 7. e3 Nbd7 8. Be2 e5 9. d5 a5 10. 0-0 Nc5 11. Qc2 a4 12. Bd2 Bg4 13. Bb4 Nfd7 14. Rae1 f5 15. Nd2 Bxe2 16. Rxe2 f4 17. exf4 Rxf4 18. Ne4 Nb3 19. Bc3 Ndc5 20. g3 Rxe4 21. Rxe4 Nxe4 22. Qxe4 Nc5 23. Qe3 b6 24. f4 exf4 25. Rxf4 Qd7 26. Qf3 Qe7 27. Kg2 Re8 28. Rg4 Qe2+ 29. Qxe2 Rxe2+ 30. Kf3 Re7 31. Bd4 Nb3 32. Be3 1/2-1/2

[Event "GRE-chT 39th"]
[Site "Eretria"]
[Date "2011.07.06"]
[Round "5.7"]
[White "Vasiliadis, Anastasios"]
[Black "Kosmidis, Ioannis"]
[Result "1-0"]
[WhiteElo "1891"]
[BlackElo "1754"]
[PlyCount "125"]
[EventDate "2011.07.03"]
[EventType "team-swiss"]
[EventRounds "7"]
[EventCountry "GRE"]
[SourceTitle "CBM 143 Extra"]
[Source "ChessBase"]
[SourceDate "2011.08.29"]
[SourceVersion "1"]
[SourceVersionDate "2011.08.29"]
[SourceQuality "1"]
[WhiteTeam "Florinas"]
[BlackTeam "Ptolemaida Ptolemaios"]
[WhiteTeamCountry "GRE"]
[BlackTeamCountry "GRE"]

1. e4 c5 2. Nf3 e6 3. d4 cxd4 4. Nxd4 a6 5. Nc3 Nc6 6. Be3 Qc7 7. Bd3 Nf6 8. 0-0 Be7 9. Qd2 d6 10. h3 0-0 11. Rae1 b5 12. f4 Bb7 13. a3 Rad8 14. Qf2 d5 15. e5 Ne4 16. Bxe4 dxe4 17. Nb3 Rd7 18. Bb6 Qb8 19. Nxe4 Rc8 20. Kh1 Nd8 21. f5 Bd5 22. f6 Bf8 23. fxg7 Bxg7 24. Nf6+ Bxf6 25. exf6 Nb7 26. Be3 Rc4 27. Bf4 Qf8 28. Re5 Nd6 29. Rg5+ Kh8 30. Bxd6 Rxd6 31. c3 Qh6 32. Qg3 Rd8 33. Nd4 Rcc8 34. Rh5 Qg6 35. Qxg6 fxg6 36. Re5 Re8 37. Kh2 Rc7 38. g4 Rf7 39. g5 h6 40. h4 hxg5 41. hxg5 Kg8 42. Rfe1 Rh7+ 43. Kg3 Kf7 44. Ne2 Rh1 45. Rxh1 Bxh1 46. Rc5 e5 47. Kg4 Ke6 48. Rc7 Be4 49. Ng3 Bc2 50. Kf3 Rd8 51. Re7+ Kd5 52. Ra7 Kc5 53. f7 Rf8 54. Ne4+ Kb6 55. Re7 Bb3 56. Nd6 Kc6 57. Re8 Kxd6 58. Rxf8 Ke7 59. Re8+ Kxf7 60. Rxe5 Bc4 61. Ke4 a5 62. Kd4 a4 63. Kc5 1-0

[Event "GRE-ch U16"]
[Site "Eretria"]
[Date "2011.07.01"]
[Round "9.4"]
[White "Vasiliadis, Anastasios"]
[Black "Tzouganakis, Panteleimon"]
[Result "0-1"]
[WhiteElo "1891"]
[BlackElo "2086"]
[PlyCount "118"]
[EventDate "2011.06.25"]
[EventType "swiss"]
[EventRounds "9"]
[EventCountry "GRE"]
[SourceTitle "EXT 2024"]
[Source "ChessBase"]
[SourceDate "2023.10.10"]
[SourceVersion "1"]
[SourceVersionDate "2023.10.10"]
[SourceQuality "1"]

1. d4 Nf6 2. c4 g6 3. Nc3 Bg7 4. e4 d6 5. f4 0-0 6. Nf3 Na6 7. Bd3 Bg4 8. h3 Bxf3 9. Qxf3 c5 10. d5 Nd7 11. 0-0 Nb4 12. a3 Nxd3 13. Qxd3 a6 14. a4 Qc7 15. Be3 Rad8 16. Kh1 Qb6 17. Rfb1 Qc7 18. Rf1 h5 19. Rf2 Qb6 20. Rd2 Ra8 21. Rf2 Qb4 22. a5 b5 23. cxb5 c4 24. Qc2 axb5 25. a6 Nc5 26. Bxc5 Qxc5 27. Ra5 Rfb8 28. f5 Be5 29. fxg6 fxg6 30. Rf3 Qc7 31. Rxb5 Rxa6 32. Rxb8+ Qxb8 33. Rf1 Rb6 34. Qf2 Bf6 35. Nd1 Rb3 36. Qc2 Kg7 37. Qxc4 Qb4 38. Qe2 Qb5 39. Qxb5 Rxb5 40. Rf2 Bd4 41. Re2 Kf6 42. Nf2 Bxf2 43. Rxf2+ Ke5 44. Rf7 Rb7 45. Rg7 Kf6 46. Rg8 Rxb2 47. Rf8+ Ke5 48. Rg8 Kxe4 49. Rxg6 Kxd5 50. Rg5+ e5 51. Rxh5 Ke4 52. Rh4+ Ke3 53. Ra4 d5 54. Ra3+ Ke4 55. h4 d4 56. Kg1 d3 57. Ra1 d2 58. Kf1 Kd3 59. h5 e4 0-1

[Event "GRE-ch U16"]
[Site "Eretria"]
[Date "2011.06.28"]
[Round "5.4"]
[White "Papakonstantinou, Dimitrios"]
[Black "Vasiliadis, Anastasios"]
[Result "1-0"]
[WhiteElo "1999"]
[BlackElo "1891"]
[PlyCount "91"]
[EventDate "2011.06.25"]
[EventType "swiss"]
[EventRounds "9"]
[EventCountry "GRE"]
[SourceTitle "EXT 2024"]
[Source "ChessBase"]
[SourceDate "2023.10.10"]
[SourceVersion "1"]
[SourceVersionDate "2023.10.10"]
[SourceQuality "1"]

1. e4 c5 2. Nf3 Nc6 3. d4 cxd4 4. Nxd4 g6 5. c4 Nf6 6. Nc3 Nxd4 7. Qxd4 d6 8. Be3 Bg7 9. f3 0-0 10. Qd2 a5 11. b3 a4 12. b4 Be6 13. Rc1 a3 14. Be2 Nd7 15. 0-0 Nb6 16. Nd5 Na4 17. Rc2 Rc8 18. Qd3 Bxd5 19. exd5 Bb2 20. Qb3 Nb6 21. Rd1 Nd7 22. c5 Qc7 23. c6 Nf6 24. b5 b6 25. Rc4 Ra8 26. Bd4 Bxd4+ 27. Rdxd4 Ra5 28. Kf2 Re8 29. Ra4 Rea8 30. Rab4 Re8 31. Rf4 Rea8 32. g4 Qc8 33. h4 R8a7 34. Qc4 Qc7 35. Qd4 Ra8 36. Bd1 Re8 37. Bb3 Rea8 38. Qd3 Qc8 39. Bc2 Qc7 40. h5 Rf8 41. Rb1 Ne8 42. Rh1 Ng7 43. hxg6 hxg6 44. g5 f5 45. gxf6 exf6 46. Qxg6 1-0

[Event "GRE-ch U18/20"]
[Site "Peristeri"]
[Date "2011.01.05"]
[Round "4"]
[White "Galopoulos, Panagiotis"]
[Black "Vasiliadis, Anastasios"]
[Result "1-0"]
[WhiteElo "2085"]
[BlackElo "1882"]
[PlyCount "101"]
[EventDate "2011.01.03"]
[EventType "swiss"]
[EventRounds "9"]
[EventCountry "GRE"]
[SourceTitle "CBM 140 Extra"]
[Source "ChessBase"]
[SourceDate "2011.03.01"]
[SourceVersion "1"]
[SourceVersionDate "2011.03.01"]
[SourceQuality "1"]

1. d4 Nf6 2. c4 e6 3. Nc3 Bb4 4. a3 Bxc3+ 5. bxc3 b6 6. f3 Nc6 7. e4 Ba6 8. Bd3 Na5 9. Qe2 Nb3 10. Rb1 Nxc1 11. Rxc1 0-0 12. f4 d5 13. cxd5 Bxd3 14. Qxd3 exd5 15. e5 Ne4 16. Nf3 Qd7 17. 0-0 Qf5 18. Ng5 Nd6 19. Qf3 Nc4 20. Rf2 Rad8 21. g4 Qg6 22. h4 Qh6 23. Re1 Rfe8 24. f5 Qxh4 25. Nxh7 Nd2 26. Qf4 Ne4 27. Rfe2 Nxc3 28. Re3 Kxh7 29. Kg2 g5 30. fxg6+ Kxg6 31. Qf5+ Kg7 32. Rh1 Nd1 33. Rf3 Qf2+ 34. Rxf2 Ne3+ 35. Kf3 Nxf5 36. gxf5 Rg8 37. Rc2 Rc8 38. Rc6 Rh8 39. Rxh8 Kxh8 40. Kf4 Kg7 41. Kg5 a5 42. a4 Kf8 43. Kf6 Ke8 44. e6 fxe6 45. fxe6 Kf8 46. e7+ Ke8 47. Ke6 Rb8 48. Rxc7 b5 49. axb5 a4 50. Rc6 a3 51. b6 1-0

[Event "GRE-ch U16"]
[Site "Kallithea"]
[Date "2010.07.01"]
[Round "8"]
[White "Koutroukis, Andreas"]
[Black "Vasiliadis, Anastasios"]
[Result "1/2-1/2"]
[WhiteElo "1889"]
[BlackElo "1873"]
[PlyCount "114"]
[EventDate "2010.06.26"]
[EventType "swiss"]
[EventRounds "9"]
[EventCountry "GRE"]
[SourceTitle "CBM 137 Extra"]
[Source "ChessBase"]
[SourceDate "2010.09.01"]
[SourceVersion "1"]
[SourceVersionDate "2010.09.01"]
[SourceQuality "1"]

1. e4 c5 2. Nf3 g6 3. d4 cxd4 4. Nxd4 Bg7 5. c4 Nc6 6. Be3 Qb6 7. Nb5 Qa5+ 8. N1c3 Nf6 9. f3 0-0 10. Qd2 a6 11. Nd4 d6 12. Be2 Bd7 13. Rb1 Rac8 14. 0-0 Qd8 15. Rfc1 Nxd4 16. Bxd4 Be6 17. b3 Qa5 18. Be3 Qd8 19. Nd5 Bxd5 20. cxd5 Qd7 21. a4 Rxc1+ 22. Rxc1 Rc8 23. a5 h5 24. Kf2 Kh7 25. Rc2 Rxc2 26. Qxc2 Bh6 27. Bb6 Bg7 28. Qc7 Qxc7 29. Bxc7 Nd7 30. Ke3 Bc3 31. Kd3 Ba1 32. Bd8 Bf6 33. Bc7 Kg8 34. b4 Kf8 35. Kc4 Ke8 36. b5 Nc5 37. bxa6 Nxa6 38. Bb6 Kd7 39. Bd1 Kc8 40. Ba4 Nc7 41. g3 h4 42. gxh4 Bxh4 43. Bxc7 Kxc7 44. Be8 g5 45. Bxf7 Be1 46. Kb5 Bf2 47. a6 bxa6+ 48. Kxa6 Bg1 49. h3 Be3 50. Kb5 Kb7 51. Kc4 Bf4 52. Kd3 Be5 53. Ke3 Bf4+ 54. Kf2 Kb6 55. Kg2 Kc5 56. Be6 Kd4 57. Bf5 Ke5 1/2-1/2

[Event "GRE-ch U16"]
[Site "Kallithea"]
[Date "2010.06.28"]
[Round "4"]
[White "Ballas, Kleon Evangelos"]
[Black "Vasiliadis, Anastasios"]
[Result "1/2-1/2"]
[WhiteElo "1913"]
[BlackElo "1873"]
[PlyCount "101"]
[EventDate "2010.06.26"]
[EventType "swiss"]
[EventRounds "9"]
[EventCountry "GRE"]
[SourceTitle "CBM 137 Extra"]
[Source "ChessBase"]
[SourceDate "2010.09.01"]
[SourceVersion "1"]
[SourceVersionDate "2010.09.01"]
[SourceQuality "1"]

1. d4 Nf6 2. c4 e6 3. Nf3 Bb4+ 4. Bd2 Qe7 5. a3 Bxd2+ 6. Qxd2 b6 7. Nc3 Bb7 8. Qc2 d6 9. e3 0-0 10. Bd3 Nbd7 11. Ng5 h6 12. Nge4 Nxe4 13. Bxe4 Bxe4 14. Qxe4 Nf6 15. Qc6 a6 16. a4 Rab8 17. Na2 d5 18. Rc1 Rfd8 19. cxd5 Nxd5 20. 0-0 Rd6 21. Qc2 Qg5 22. Nc3 Nxc3 23. Qxc3 Rc8 24. Qc4 a5 25. Qa6 Qd8 26. Rc3 c5 27. dxc5 Rxc5 28. Rxc5 bxc5 29. Qb5 Rd1 30. Qb3 Rxf1+ 31. Kxf1 c4 32. Qc2 Qd5 33. f3 Qc5 34. Qc3 Qb6 35. Ke2 Qa6 36. g3 Kh7 37. Kd2 Qd6+ 38. Kc2 Qc5 39. Kb1 Qd5 40. Qc2+ Kg8 41. e4 Qd4 42. Qe2 Kf8 43. Kc2 Ke7 44. Qd2 Qxd2+ 45. Kxd2 Kd6 46. Kc3 Kc5 47. e5 f6 48. exf6 gxf6 49. g4 e5 50. h3 Kd5 51. Kc2 1/2-1/2

[Event "Leros Artemis Cup 1st"]
[Site "Leros"]
[Date "2009.07.11"]
[Round "1"]
[White "Vasiliadis, Anastasios"]
[Black "De Jong, Jan Willem"]
[Result "0-1"]
[WhiteElo "1786"]
[BlackElo "2464"]
[PlyCount "84"]
[EventDate "2009.07.11"]
[EventType "swiss"]
[EventRounds "9"]
[EventCountry "GRE"]
[SourceTitle "CBM 131 Extra"]
[Source "ChessBase"]
[SourceDate "2009.09.03"]
[SourceVersion "2"]
[SourceVersionDate "2009.09.16"]
[SourceQuality "1"]

1. d4 Nf6 2. c4 g6 3. Nc3 d5 4. g3 dxc4 5. Bg2 Bg7 6. Qa4+ c6 7. Qxc4 0-0 8. Nf3 Bf5 9. 0-0 Nbd7 10. Re1 Nb6 11. Qb3 Bg4 12. e3 Qc8 13. Ne5 Bh3 14. Bd2 Bxg2 15. Kxg2 c5 16. Rac1 cxd4 17. exd4 Qf5 18. Nf3 Qd7 19. a4 Rac8 20. Be3 Nfd5 21. a5 Nc4 22. a6 bxa6 23. Ne4 Qe6 24. Nc5 Ncxe3+ 25. fxe3 Rxc5 26. Rxc5 Nf4+ 27. gxf4 Qxb3 28. Re2 e6 29. Rc3 Qd1 30. Re1 Qa4 31. Re2 Bf6 32. Ra3 Qb5 33. Rc2 Qf5 34. Rf2 Rc8 35. Rc3 Rxc3 36. bxc3 Bh4 37. Nxh4 Qg4+ 38. Kf1 Qxh4 39. c4 Qh3+ 40. Ke2 Qg4+ 41. Kd3 Qd1+ 42. Rd2 Qb3+ 0-1

[Event "GRE-ch U14"]
[Site "Kallithea"]
[Date "2009.06.27"]
[Round "4"]
[White "Vasiliadis, Anastasios"]
[Black "Megalios, Konstantinos"]
[Result "1/2-1/2"]
[WhiteElo "1786"]
[BlackElo "1722"]
[PlyCount "54"]
[EventDate "2009.06.25"]
[EventType "swiss"]
[EventRounds "9"]
[EventCountry "GRE"]
[SourceTitle "EXT 2011"]
[Source "ChessBase"]
[SourceDate "2010.11.26"]
[SourceVersion "1"]
[SourceVersionDate "2010.11.26"]
[SourceQuality "1"]

1. d4 Nf6 2. c4 g6 3. Nc3 d5 4. e3 Bg7 5. Qb3 e6 6. Nf3 0-0 7. cxd5 exd5 8. Be2 b6 9. 0-0 Bb7 10. Bd2 Nbd7 11. Bb5 c6 12. Be2 c5 13. Qd1 Ne4 14. Rc1 Rc8 15. b3 Qe7 16. Na4 Rfe8 17. Bb5 Red8 18. Bxd7 Rxd7 19. Re1 c4 20. bxc4 dxc4 21. Nc3 a6 22. Nxe4 Qxe4 23. Qe2 b5 24. Bb4 Re8 25. Qf1 f5 26. Bc5 Bf8 27. Bxf8 Kxf8 1/2-1/2

[Event "GRE-ch U14"]
[Site "Kallithea"]
[Date "2009.06.26"]
[Round "3"]
[White "Liodakis, Konstantinos Spyros"]
[Black "Vasiliadis, Anastasios"]
[Result "1/2-1/2"]
[WhiteElo "1881"]
[BlackElo "1786"]
[PlyCount "88"]
[EventDate "2009.06.25"]
[EventType "swiss"]
[EventRounds "9"]
[EventCountry "GRE"]
[SourceTitle "EXT 2011"]
[Source "ChessBase"]
[SourceDate "2010.11.26"]
[SourceVersion "1"]
[SourceVersionDate "2010.11.26"]
[SourceQuality "1"]

1. d4 d5 2. Nf3 e6 3. g3 f5 4. Bg2 Nf6 5. 0-0 Be7 6. c4 c6 7. Nc3 0-0 8. cxd5 cxd5 9. Bf4 a6 10. Rc1 Nc6 11. Ne5 Nxe5 12. Bxe5 Bd6 13. Bxd6 Qxd6 14. Qb3 Bd7 15. Na4 Bxa4 16. Qxa4 Rfc8 17. Qb3 b5 18. Rc2 Rc4 19. Rxc4 bxc4 20. Qc3 Rb8 21. Rb1 Qb4 22. Qe3 Kf7 23. b3 c3 24. Rc1 Rc8 25. Qd3 a5 26. e3 Rc7 27. h3 Ke7 28. Kh2 h6 29. f3 a4 30. bxa4 Qxa4 31. Rxc3 Rxc3 32. Qxc3 Qxa2 33. g4 Qa7 34. gxf5 exf5 35. Qc8 Qd7 36. Qh8 Kf7 37. Qb8 Qe6 38. Qe5 Qxe5+ 39. dxe5 Nd7 40. f4 Ke6 41. Kg3 g5 42. Kf3 gxf4 43. exf4 Nxe5+ 44. fxe5 Kxe5 1/2-1/2